| 000 | 00934nam a2200217Ia 4500 | ||
|---|---|---|---|
| 001 | 16679 | ||
| 003 | GE_BSU | ||
| 008 | 181216s||||||||xx |||||||||||||| ||und|| | ||
| 040 | _cGE_BSU | ||
| 080 | _a821.161.1-31 | ||
| 100 | _aჩერნიშევსკი, ნ. | ||
| 245 | _aრა ვაკეთოთ? მოთხრობებიდან ახალ ადამიანებზე | ||
| 245 | _cმთარგმნ.: ქ. ბაქრაძე-ინგოროყვა / წინასიტყვაობა: გ. ჯიბლაძე | ||
| 260 | _aთბილისი | ||
| 260 | _bსახელგამი | ||
| 260 | _c1955 | ||
| 300 | _a598გვ. ; 21სმ. | ||
| 300 | _eდანართი: "შენიშვნები", გვ. 592-596 | ||
| 653 | _aრა ვაკეთოთ? მოთხრობებიდან ახალ ადამიანებზე | ||
| 942 | _cBK | ||
| 999 |
_c49744 _d49744 |
||